| 000 | 00432nam a2200169Ia 4500 | ||
|---|---|---|---|
| 008 | 230524s9999 xx 000 0 und d | ||
| 020 | _a8121911141 | ||
| 082 |
_a670 _bSHA |
||
| 100 | _aDr.P.C. Sharma | ||
| 245 | 2 | _aA Text Bok of Production Technology (Manufacturing Processes) | |
| 250 | _a3 | ||
| 260 |
_aNew Delhi _bS.Chand _c2014 |
||
| 300 | _a830p; | ||
| 500 | _aQuantity Number: 20 | ||
| 650 | _aMechanics | ||
| 942 | _cBK | ||
| 999 |
_c53825 _d53825 |
||